Ministry of higher education annual report for the year 1986 (Record no. 77689)

MARC details
000 -LEADER
fixed length control field 01082nam a2200181 a 4500
008 - FIXED-LENGTH DATA ELEMENTS--GENERAL INFORMATION
fixed length control field 090423s1987 ||||||||||||||||| || u
050 ## - LIBRARY OF CONGRESS CALL NUMBER
Classification number GOV.ZAM(058)MOE/1987A
110 ## - MAIN ENTRY--CORPORATE NAME
Corporate name or jurisdiction name as entry element Government of the Republic of Zambia. Ministry of Higher Education
245 10 - TITLE STATEMENT
Title Ministry of higher education annual report for the year 1986
Statement of responsibility, etc. By the Ministry of Higher Education
260 ## - PUBLICATION, DISTRIBUTION, ETC.
Place of publication, distribution, etc. Lusaka:
Name of publisher, distributor, etc. Ministry of Higher Education
Date of publication, distribution, etc. 1987
300 ## - PHYSICAL DESCRIPTION
Extent iii, 21p.: ill.
350 ## -
-- 0.00
650 ## - SUBJECT ADDED ENTRY--TOPICAL TERM
Topical term or geographic name entry element EDUCATION--ZAMBIA--HANDBOOKS, MANUALS, ETC
650 ## - SUBJECT ADDED ENTRY--TOPICAL TERM
Topical term or geographic name entry element EDUCATION AND STATE--ANNUAL REPORTS--ZAMBIA
995 ## -
-- SPECIAL COLLECTIONS
-- 0.00
-- 03003831
-- CBU-MAIN LIBRARY (Kitwe)
-- 1
-- 0.00
-- GOV.ZAM(058)MOE/1986A
-- 1
-- AVAILABLE
-- Apr 23, 2009
-- 03003831
-- Zambiana Collection
995 ## -
-- SPECIAL COLLECTIONS
-- 0.00
-- 03003832
-- CBU-MAIN LIBRARY (Kitwe)
-- 1
-- 0.00
-- GOV.ZAM(058)MOE/1987B
-- 2
-- AVAILABLE
-- Apr 23, 2009
-- 03003832
-- Zambiana Collection
995 ## -
-- SPECIAL COLLECTIONS
-- 0.00
-- 03003833
-- CBU-MAIN LIBRARY (Kitwe)
-- 1
-- 0.00
-- GOV.ZAM(058)MOE/1987C
-- 3
-- AVAILABLE
-- Apr 23, 2009
-- 03003833
-- Zambiana Collection
999 ## -
-- 77689
-- 77689
Holdings
Withdrawn status Lost status Source of classification or shelving scheme Damaged status Not for loan Permanent Location Current Location Shelving location Date acquired Total Checkouts Full call number Barcode Date last seen Copy number Price effective from Koha item type
          CBU-MAIN LIBRARY, KITWE. CBU-MAIN LIBRARY, KITWE.   05/03/2023   GOV.ZAM(058)MOE/1986A 03003831 05/03/2023 1 05/03/2023 SPECIAL COLLECTION
          CBU-MAIN LIBRARY, KITWE. CBU-MAIN LIBRARY, KITWE.   05/03/2023   GOV.ZAM(058)MOE/1987B 03003832 05/03/2023 2 05/03/2023 SPECIAL COLLECTION
          CBU-MAIN LIBRARY, KITWE. CBU-MAIN LIBRARY, KITWE.   05/03/2023   GOV.ZAM(058)MOE/1987C 03003833 05/03/2023 3 05/03/2023 SPECIAL COLLECTION